000 02060nam0a2200337 4500
001 RU\NLR\BIBL_A\012129959
005 20191213140616.0
010 _a978-5-7310-4667-1
_9500
021 _aRU
_bКН-П-19-074881
_9КН-П-19-5404
035 _a(NLR Aleph) 012129959
035 _a(RuMoRGB)010110962
090 _a12040962
_c12040962
100 _a20191030d2019 k y0rusy50 ca
101 0 _arus
_aeng
_deng
102 _aRU
105 _aa|||z|||000zy
200 1 _aТеория и практика трансдисциплинарных исследований в современном мире
_eсборник научных статей по итогам Международной научно-практической конференции, 1-2 августа 2019 года, Санкт-Петербург
_fСанкт-Петербургский центр системного анализа
210 _aСанкт-Петербург
_cИзд-во Санкт-Петербургского государственного экономического университета
_d2019
215 _a139 с.
_cил., табл.
_d29
300 _aЧасть текста англ.
320 _aБиблиогр. в конце ст.
606 1 _aНаучные конференции
_jСборники
_yСанкт-Петербург, город
_92199847
_3RU\NLR\AUTH\6601556951
686 1 _aЯ431(2-2СПб)
711 1 2 _a"Теория и практика трансдисциплинарных исследований в современном мире", международная научно-практическая конференция
_eСанкт-Петербург
_f2019
_9684721
_3RU\NLR\AUTH\880512085
712 0 2 _4570
_aСанкт-Петербургский центр системного анализа
_9580299
_3RU\NLR\AUTH\880458656
942 _cBOOK
980 _aNBR
980 _aNB